| 000 | 01463cam a2200325 i 4500 | ||
|---|---|---|---|
| 003 | SA-RiAUC | ||
| 005 | 20250829154242.0 | ||
| 008 | 250810s2003 ua g b 000 0 ara c | ||
| 020 | _a9960795616 | ||
| 040 |
_aSA-JeALM _bara _cSA-RiAUC _erda |
||
| 082 | 0 | 4 |
_a121 _qSA-RiAUC |
| 090 |
_a121 _bظ ا هـ |
||
| 100 | 1 |
_aالظاهري، أبو عبد الرحمن بن عقيل، _d1357 هجري- _eمؤلف. |
|
| 245 | 1 | 2 |
_aالمدخل عن نظرية المعرفة : _bالقسم الأول / _cتأليف أبي عبد الرحمن ابن عقيل الظاهري. |
| 250 | _aالطبعة الأولى. | ||
| 264 | 1 |
_aالرياض : _bمكتبة ودار ابن حزم للنشر والتوزيع، _c2003 |
|
| 300 |
_aمجلد ؛ _c21 × 14 سم. |
||
| 336 |
_aنص _btxt _2rdacontent _3كتاب |
||
| 337 |
_aبدون وسيط _bn _2rdamedia |
||
| 338 |
_aمجلد _bnc _2rdacarrier |
||
| 490 | 1 |
_aالإيمان العلمي. _aتأصيلا وتطبيقا ؛ _v1 |
|
| 500 | _aإهداء من المؤلف عبد الرحمن ابن عقيل الظاهري بتاريخ 1428 هـ | ||
| 504 | _aيشتمل على إرجاعات ببليوجرافية. | ||
| 650 | 7 |
_aالمعرفة _2aucsh |
|
| 650 | 7 |
_aالإسلام والمعرفة _2aucsh |
|
| 650 | 7 |
_aالثقافة الإسلامية _2aucsh |
|
| 830 | 0 |
_aالإيمان العلمي. _pتأصيلا وتطبيقا ؛ _v1 |
|
| 942 |
_2ddc _cBOOK _n0 |
||
| 949 |
_aSA-JeALM _d250810 _umohamedma123 _n1 |
||
| 999 |
_c11292 _d11292 |
||